000 00522nam a2200193 a 4500
001 12036
003 CO-ViMGA
008 141112s2004 ck r 000 u spa d
020 _a9686640800
040 _aCO-ViMGA
_bspa
_cCO-ViMGA
082 0 4 _a330.9 G151u
100 1 _aGalbraith, Jhon
_916996
245 1 0 _aUn viaje por la economía de nuestro tiempo
260 _aBarcelona :
_bAriel,
_c1995
300 _a222p
650 1 4 _aEconomía - HISTORIA
650 1 4 _aHISTORIA - Economía - SIGLO XX
_916997
942 _2ddc
_cBK
999 _c23089
_d23089